Visual database systems : proceedings of the IFIP TC 2/WG 2.6 Working Conference on Visual Database Systems, Tokyo, Japan, 3-7 April, 1989
Αποθηκεύτηκε σε:
| Συγγραφή απο Οργανισμό/Αρχή: | |
|---|---|
| Άλλοι συγγραφείς: | |
| Μορφή: | Πρακτικό Συνεδρίου Βιβλίο |
| Γλώσσα: | English |
| Δημοσίευση: |
Amsterdam ; New York : New York, N.Y. :
North-Holland ; Sole distributors for the USA and Canada, Elsevier Science Pub.,
1989.
|
| Θέματα: | |
| Ετικέτες: |
Προσθήκη ετικέτας
Δεν υπάρχουν, Καταχωρήστε ετικέτα πρώτοι!
|
MARC
| LEADER | 00000cam a2200000 i 4500 | ||
|---|---|---|---|
| 001 | 1/33628 | ||
| 008 | 941103s1989 ne | ||| |||| ||eng|| | ||
| 020 | |a 0444873341 | ||
| 035 | |l 10039420 | ||
| 035 | |a 1990 | ||
| 040 | |a GR-MyUa |b gre |e AACR2 | ||
| 041 | 0 | |a eng | |
| 082 | 7 | |a 006.42 |2 (22) | |
| 111 | 2 | |a IFIP TC 2/WG 2.6 Working Conference on Visual Database Systems |d (1989 : |c Tokyo, Japan) | |
| 245 | 1 | 0 | |a Visual database systems : |b proceedings of the IFIP TC 2/WG 2.6 Working Conference on Visual Database Systems, Tokyo, Japan, 3-7 April, 1989 / |c edited by Tosiyasu L. Kunii. |
| 260 | |a Amsterdam ; |a New York : |b North-Holland ; |a New York, N.Y. : |b Sole distributors for the USA and Canada, Elsevier Science Pub., |c 1989. | ||
| 300 | |a xiii, 546 σ. : |b εικ. ; |c 23 εκ. | ||
| 504 | |a Περιλαμβάνει βιβλιογραφικές παραπομπές. | ||
| 650 | 0 | |a Optical data processing |x Congresses. | |
| 700 | 1 | |a Kunii, Tosiyasu, |e edt | |
| 852 | |a INST |b SAMOS |e 19941103 |h 006.42 IFI |p 005300009201 |q 005300009201 |t BK |y 0 | ||